| 000 | 00959nam a2200265 i 4500 | ||
|---|---|---|---|
| 001 | 183214 | ||
| 003 | ES-MaACL | ||
| 005 | 20250926063102.0 | ||
| 008 | 140130s1982 sp ||||0| spa d | ||
| 020 | _a84-323-0202-3 | ||
| 080 | _a159.943.01 | ||
| 100 | 1 |
_aFromm, Erich, _d1900-1980 _952729 |
|
| 245 | 1 | 0 |
_aAnatomía de la destructividad humana / _cpor Erich Fromm ; [traducción del inglés de Félix Blanco ; revisión de Ignacio Millán]. |
| 250 | _a[8ª ed. en español, 4ª ed. en España]. | ||
| 260 |
_aMadrid : _bSiglo XXI de España, _c1982. |
||
| 300 |
_a507 p. ; _c21 cm. |
||
| 490 | 1 | _aPsicología y Etología | |
| 504 | _aBibliografía: p. 469-488. Índices. | ||
| 650 | 0 | 4 |
_aAgresividad. _99668 |
| 700 | 0 |
_aBlanco, Félix. _929177 |
|
| 700 | 1 |
_aMillán, Ignacio. _9154316 |
|
| 830 | 0 | 0 |
_aPsicología y etología (Siglo XXI) _9179901 |
| 852 |
_aES-MaACL _jL-30045 _z.- Donat. Miguel A. Velasco |
||
| 999 |
_c183214 _d183214 |
||